00404nam a2200157Ia 4500008004100000020001400041050001400055100002000069245002400089245004800113260001500161260002200176260000900198300001400207300002500221180207s9999 xx 000 0 und d a439135257 bB912 2001 aBruss, Deborah. aBook! book! book! / cDeborah Bruss ; pictures by Tiphanie Beeke. aNew York : bArthur A. Levine, c2001 aunpaged : bcolor illustration ;